01068nam a2200277 a 450000100100000000500170001000800410002702000150006804000250008308200170010824500820012526000410020730000370024850400300028565000300031565000280034570000420037370000360041570000580045170000330050970000330054270000390057591000410061495201200065599900150077500000183320200929145724.0090629s2004 cu ad r 000 0 spa d a9592586462 aDO-SdBNPbspacBNPHU a571.1bF537a00aFisiología animal aplicada /cCarlos Armando Álvarez Díaz ... [et al.]. aLa Habana :bFélix Varela ,c2004. a393 p. :bil., gráf. ;c22 cm. aBibliografía: p.387-393 4aFisiología animal95967 4aAnatomía animal959681 aÁlvarez Día, Carlos Armando959691 aPérez Esteban, Héctor959701 aCruz Martín Hernández,Tania Margarita de la959711 aQuincosa Torres, Jorge959721 aSánchez Puzo, Alexei959731 aÁguila Muñiz, Mayraeed.95974 aValidado. Control de calidad MMOLINA 001052708MOaGRbGRcCTd2009-06-30iLF1l0o571.1 F537ap1833-10r2020-06-25w2020-06-25y2ZPréstamo interno c1710d1710